[Event "GER-chT U20 Girls"]
[Site "Magdeburg"]
[Date "2010.12.29"]
[Round "6.4"]
[White "Cejda, Cecilia"]
[Black "Schreiber, Stefanie"]
[Result "0-1"]
[WhiteElo "928"]
[BlackElo "1256"]
[PlyCount "120"]
[EventDate "2010.12.27"]
[EventType "team-swiss"]
[EventRounds "7"]
[EventCountry "GER"]
[SourceTitle "CBM 140 Extra"]
[Source "ChessBase"]
[SourceDate "2011.03.01"]
[SourceVersion "1"]
[SourceVersionDate "2011.03.01"]
[SourceQuality "1"]
[WhiteTeam "Magdeburg USC"]
[BlackTeam "Dresden Gruen Weiss"]
[WhiteTeamCountry "GER"]
[BlackTeamCountry "GER"]

1. e4 c5 2. Nc3 Nc6 3. Bc4 e6 4. Nf3 Be7 5. d3 d6 6. e5 dxe5 7. 0-0 Nf6 8. Re1 0-0 9. Nxe5 Nxe5 10. Rxe5 Qd4 11. Rg5 Nd7 12. Be3 Qd6 13. Rxg7+ Kxg7 14. Qg4+ Kh8 15. Bh6 Rg8 16. Qh3 Bf8 17. Ne4 Qe7 18. Qh5 Bxh6 19. Qxh6 Qf8 20. Qf4 Qg7 21. g3 Rf8 22. Bb5 Qxb2 23. Rc1 Qe5 24. Bxd7 Qxf4 25. gxf4 Bxd7 26. Nf6 Bc6 27. Rd1 Kg7 28. Nh5+ Kh6 29. Nf6 Kg6 30. Ng4 f6 31. Ne3 Rad8 32. Kf1 Rd7 33. Ke2 Rfd8 34. f5+ Kf7 35. fxe6+ Kxe6 36. f4 Rg8 37. f5+ Kf7 38. c3 b5 39. c4 bxc4 40. Nxc4 Rgd8 41. Na5 Bb5 42. Nb7 Rxb7 43. Rc1 Rxd3 44. Kf2 Rbd7 45. Rxc5 a6 46. Rc8 R3d4 47. Rh8 Kg7 48. Rc8 Rc4 49. Rxc4 Bxc4 50. a4 Rd3 51. a5 Kh6 52. h4 Kh5 53. Ke2 Kg4 54. h5 Kf4 55. h6 Bb5 56. Kf2 Rd2+ 57. Ke1 Rh2 58. Kd1 Ke3 59. Kc1 Kd3 60. Kd1 Rh1# 0-1

[Event "Sachsen-ch U14 Girls"]
[Site "Sebnitz"]
[Date "2009.04.17"]
[Round "6"]
[White "Schlimpert, Vanessa"]
[Black "Schreiber, Stefanie"]
[Result "1/2-1/2"]
[WhiteElo "985"]
[BlackElo "1161"]
[PlyCount "49"]
[EventDate "2009.04.14"]
[EventType "swiss"]
[EventRounds "7"]
[EventCountry "GER"]
[SourceTitle "EXT 2010"]
[Source "ChessBase"]
[SourceDate "2010.11.25"]
[SourceVersion "1"]
[SourceVersionDate "2010.11.25"]
[SourceQuality "1"]

1. e4 c5 2. Nf3 d6 3. d4 cxd4 4. Nxd4 Nf6 5. Nc3 g6 6. f3 Bg7 7. Be3 0-0 8. Qd2 Nc6 9. 0-0-0 Bd7 10. g4 Nxd4 11. Bxd4 Bc6 12. h4 Qa5 13. a3 a6 14. Be3 h5 15. gxh5 Nxh5 16. Be2 Rac8 17. Nd5 Qxd2+ 18. Rxd2 Bxd5 19. exd5 Ng3 20. Rg1 Nxe2+ 21. Rxe2 Rc4 22. h5 Rh4 23. hxg6 f6 24. Reg2 Bh6 25. Bxh6 1/2-1/2

[Event "Sachsen-ch U12 Girls"]
[Site "Sebnitz"]
[Date "2007.04.12"]
[Round "4"]
[White "Spangenberg, Romy"]
[Black "Schreiber, Stefanie"]
[Result "1-0"]
[WhiteElo "1316"]
[BlackElo "799"]
[PlyCount "101"]
[EventDate "2007.04.10"]
[EventType "swiss"]
[EventRounds "7"]
[EventCountry "GER"]
[SourceTitle "EXT 2008"]
[Source "ChessBase"]
[SourceDate "2007.11.25"]
[SourceVersion "1"]
[SourceVersionDate "2007.11.25"]
[SourceQuality "1"]

1. e4 e5 2. Nf3 Nc6 3. d4 exd4 4. Nxd4 Qh4 5. Nc3 Bb4 6. Ndb5 Qxe4+ 7. Qe2 Qxe2+ 8. Bxe2 Ba5 9. Bd2 Nf6 10. Ne4 Nd5 11. Bxa5 Nxa5 12. c4 a6 13. cxd5 axb5 14. Bxb5 0-0 15. 0-0 b6 16. Rac1 Ra7 17. b4 Nb7 18. Rxc7 Rd8 19. Rfc1 Ra8 20. Bxd7 Bxd7 21. Rxb7 Bf5 22. Ng3 Rxd5 23. Nxf5 Rxf5 24. Rxb6 Re5 25. a4 h6 26. Ra1 Rxa4 27. Rb1 Kh7 28. g3 Rd5 29. Rb8 Rxb4 30. R1xb4 g6 31. R8b7 Kg7 32. R4b5 Rd1+ 33. Kg2 h5 34. Rc7 Rd6 35. Rbb7 Rf6 36. h4 Rf5 37. f4 Kf8 38. Kf3 Kg7 39. g4 hxg4+ 40. Kxg4 Rf6 41. Rc5 Kf8 42. f5 Kg7 43. fxg6 Rxg6+ 44. Rg5 Rxg5+ 45. Kxg5 Kg8 46. Kf6 Kh7 47. Rxf7+ Kh8 48. Rb7 Kg8 49. h5 Kh8 50. Kg6 Kg8 51. Rb8# 1-0